[Event "LGA Premium Cup"]
[Site "schach.lga.de"]
[Date "2005.09.10"]
[Round "4.1"]
[White "Roos, Michael"]
[Black "Gabriel, Christian"]
[Result "1/2-1/2"]
[WhiteElo "2371"]
[BlackElo "2531"]
[PlyCount "34"]
[EventDate "2005.09.10"]
[SourceDate " "]

1. d4 d5 2. c4 dxc4 3. Nf3 Nf6 4. e3 e6 5. Bxc4 c5 6. Qe2 cxd4 7. exd4 a6 8.
O-O b5 9. Bb3 Be7 10. Nc3 O-O 11. Rd1 Bb7 12. Bg5 b4 13. Bxf6 Bxf6 14. Ne4 a5
15. Nc5 Bxf3 16. Qxf3 Na6 17. Nxa6 Rxa6 1/2-1/2

[Event "LGA Premium Cup"]
[Site "schach.lga.de"]
[Date "2005.09.10"]
[Round "4.2"]
[White "Meijers, Viesturs"]
[Black "Hetey, Laszlo"]
[Result "1-0"]
[WhiteElo "2479"]
[BlackElo "2322"]
[PlyCount "134"]
[EventDate "2005.09.10"]
[SourceDate " "]

1. e4 c5 2. Nf3 Nc6 3. d4 cxd4 4. Nxd4 g6 5. c4 Nf6 6. Nc3 d6 7. Nc2 Bg7 8. Be2
Nd7 9. Be3 Nc5 10. f3 Qa5 11. Qd2 Na4 12. Nxa4 Qxa4 13. b3 Qa5 14. Qxa5 Nxa5
15. O-O-O Nc6 16. c5 dxc5 17. Bxc5 Bd7 18. Kb1 a5 19. Bb5 Ne5 20. Rxd7 Nxd7 21.
Rd1 O-O-O 22. Bxe7 Nb6 23. Bxd8 Rxd8 24. Rxd8+ Kxd8 25. Kc1 Be5 26. g3 Bc3 27.
Kd1 g5 28. Ke2 Be5 29. Ke3 Bb2 30. f4 Bc1+ 31. Kf3 Nc8 32. Nd4 gxf4 33. gxf4
Nd6 34. Bd3 Bb2 35. Ne2 f6 36. Kg4 Ke7 37. a4 Kf7 38. Ng1 Kg7 39. Nf3 Nf7 40.
h3 Nh6+ 41. Kg3 Nf7 42. Bc4 Nd6 43. Bd5 b5 44. Kg4 bxa4 45. bxa4 Nc8 46. e5 Ne7
47. Be4 fxe5 48. fxe5 h6 49. Bb7 Kf7 50. Kf4 Ke6 51. Ke4 Bc3 52. Ba6 Nc6 53.
Bc4+ Ke7 54. Bd5 Nb4 55. Nh4 Bd2 56. Nf5+ Kf8 57. h4 Na6 58. e6 Bb4 59. Ke5 Be7
60. h5 Nc5 61. Bc6 Nd3+ 62. Ke4 Nc5+ 63. Kd5 Nd3 64. Bd7 Nf4+ 65. Ke5 Nxh5 66.
Nxh6 Bb4 67. Nf5 Ng7 {Rest nicht nachvollziehbar} 1-0

[Event "LGA Premium Cup"]
[Site "schach.lga.de"]
[Date "2005.09.10"]
[Round "4.3"]
[White "Eichler, Christoph"]
[Black "Gutman, Lev"]
[Result "0-1"]
[WhiteElo "2293"]
[BlackElo "2465"]
[PlyCount "96"]
[EventDate "2005.09.10"]
[SourceDate " "]

1. e4 c5 2. Nf3 Nc6 3. Bb5 Qc7 4. Nc3 a6 5. Bxc6 dxc6 6. d4 cxd4 7. Qxd4 Bg4 8.
Qe5 Qxe5 9. Nxe5 Be6 10. Ne2 f6 11. Nf4 Bc8 12. Nc4 e5 13. Nb6 Rb8 14. Nxc8
exf4 15. Nb6 Bd6 16. g3 g5 17. gxf4 gxf4 18. Bd2 Bc7 19. Na4 Ne7 20. Nc5 Kf7
21. Bc3 Rhd8 22. Ke2 Bd6 23. Nd3 c5 24. e5 c4 25. exd6 cxd3+ 26. Kxd3 Rxd6+ 27.
Ke4 Rbd8 28. Kf3 Nc6 29. Rae1 b5 30. a3 a5 31. Re4 Rb8 32. b4 axb4 33. Bxb4 Rd5
34. Kxf4 Rc8 35. c4 Rh5 36. cxb5 Ne5 37. Ke3 Rh3+ 38. Kd2 Rd3+ 39. Ke2 Rc2+ 40.
Kf1 Rd5 41. b6 Rb5 42. Rg1 Rxb6 43. Rg3 Rc1+ 44. Kg2 h5 45. Rc3 Rxb4 46. axb4
Rxc3 47. f4 Ng4 48. h3 Nh6 0-1

[Event "LGA Premium Cup"]
[Site "schach.lga.de"]
[Date "2005.09.10"]
[Round "4.4"]
[White "Milov, Leonid"]
[Black "Seyb, Dieter"]
[Result "1-0"]
[WhiteElo "2482"]
[BlackElo "2297"]
[PlyCount "49"]
[EventDate "2005.09.10"]
[SourceDate " "]

1. e4 g6 2. d4 Bg7 3. c3 d5 4. e5 c5 5. Nf3 Nc6 6. h3 Qb6 7. Be2 f6 8. dxc5
Qxc5 9. b4 Qb6 10. Qxd5 Bf5 11. O-O Rd8 12. Qb3 Nxe5 13. Nxe5 fxe5 14. Be3 Qc7
15. Na3 a6 16. b5 Bd3 17. Bxd3 Rxd3 18. bxa6 bxa6 19. Qa4+ Qd7 20. Qxa6 Nf6 21.
Nc4 Nh5 22. Nb6 Qd8 23. Qa4+ Kf8 24. Rad1 Bf6 25. Nd7+ 1-0

[Event "LGA Premium Cup"]
[Site "schach.lga.de"]
[Date "2005.09.10"]
[Round "4.5"]
[White "Muth, Roland"]
[Black "Donchenko, Anatoli"]
[Result "0-1"]
[WhiteElo "2129"]
[BlackElo "2448"]
[PlyCount "88"]
[EventDate "2005.09.10"]
[SourceDate " "]

1. e4 c5 2. g3 g6 3. Bg2 Bg7 4. d3 Nc6 5. c3 d6 6. f4 Rb8 7. Nf3 Nf6 8. O-O b5
9. Qe2 O-O 10. a3 a5 11. d4 cxd4 12. Nxd4 Qb6 13. Be3 Ng4 14. Nc2 Nxe3 15. Qxe3
b4 16. axb4 axb4 17. Qxb6 Rxb6 18. Ne3 Be6 19. Nd5 Rb7 20. Ra6 Nb8 21. Ra8 Bxd5
22. exd5 Nd7 23. Rxf8+ Kxf8 24. Be4 bxc3 25. bxc3 Rc7 26. Rc1 Nb6 27. Rc2 f5
28. Bf3 Rc5 29. Rb2 Bxc3 30. Nxc3 Rxc3 31. Kg2 Nd7 32. Rb7 Nf6 33. Rb5 Rc2+ 34.
Kh3 Rc5 35. Rxc5 dxc5 36. Kg2 Ke8 37. h3 Kd7 38. g4 Kd6 39. gxf5 gxf5 40. Be2
Kxd5 41. Kf3 Kd4 42. Bd1 c4 43. Bc2 Ne4 44. Ke2 e6 0-1

[Event "LGA Premium Cup"]
[Site "schach.lga.de"]
[Date "2005.09.10"]
[Round "4.6"]
[White "Kunin, Vitaly"]
[Black "Promyshlyanskiy, Vitaly"]
[Result "1-0"]
[WhiteElo "2448"]
[BlackElo "2164"]
[PlyCount "73"]
[EventDate "2005.09.10"]
[SourceDate " "]

1. d4 Nf6 2. c4 Nc6 3. Nf3 e6 4. g3 Bb4+ 5. Bd2 Qe7 6. Bg2 Bxd2+ 7. Nbxd2 d6 8.
e4 a5 9. O-O e5 10. d5 Nb8 11. Ne1 O-O 12. Nd3 Na6 13. b3 c6 14. a3 Bg4 15. f3
Bd7 16. Re1 cxd5 17. exd5 Bf5 18. Nf2 Qc7 19. Nf1 Rab8 20. Ne3 Bg6 21. Qd2 b5
22. cxb5 Rxb5 23. Bf1 Rb6 24. Qxa5 Ra8 25. Bc4 Qd8 26. Qd2 Nc5 27. b4 Na4 28.
Bb3 Rb7 29. Rec1 Ne8 30. Nc4 Qd7 31. Qe3 Rbb8 32. Na5 Nb6 33. Nc6 Rb7 34. a4
Nc7 35. Qd2 f6 36. Nd1 Qf5 37. Ne7+ 1-0

[Event "LGA Premium Cup"]
[Site "schach.lga.de"]
[Date "2005.09.10"]
[Round "4.7"]
[White "Prusikin, Michael"]
[Black "Lauer, Moritz"]
[Result "1-0"]
[WhiteElo "2554"]
[BlackElo "2232"]
[PlyCount "55"]
[EventDate "2005.09.10"]
[SourceDate " "]

1. d4 Nf6 2. Nf3 d6 3. c4 Nbd7 4. Nc3 e5 5. g3 c6 6. Qc2 Be7 7. Bg2 O-O 8. O-O
Re8 9. Rd1 Qc7 10. h3 Rb8 11. Be3 b6 12. Rac1 a6 13. b3 Bb7 14. c5 exd4 15.
cxb6 Nxb6 16. Nxd4 c5 17. Nf5 Bxg2 18. Kxg2 Qb7+ 19. Kg1 d5 20. Bg5 Rbd8 21. e4
dxe4 22. Rxd8 Rxd8 23. Nxe4 Nbd5 24. Nxc5 Bxc5 25. Qxc5 Ne4 26. Qd4 f6 27. Qxe4
fxg5 28. Rd1 1-0

[Event "LGA Premium Cup"]
[Site "schach.lga.de"]
[Date "2005.09.10"]
[Round "4.8"]
[White "Bezold, Michael"]
[Black "Rybenko, Kseniya"]
[Result "1-0"]
[WhiteElo "2530"]
[BlackElo "2217"]
[PlyCount "75"]
[EventDate "2005.09.10"]
[SourceDate " "]

1. b3 e5 2. Bb2 d6 3. g3 g6 4. Bg2 Bg7 5. e3 f5 6. Ne2 Nf6 7. c4 O-O 8. d3 c6
9. Qd2 Be6 10. O-O Nbd7 11. f4 Qb6 12. h3 e4 13. Bd4 c5 14. Bxf6 Nxf6 15. Nbc3
exd3 16. Qxd3 Ne4 17. Nxe4 fxe4 18. Qxe4 Rae8 19. Rad1 Bxh3 20. Qd5+ Be6 21.
Qxd6 Qxd6 22. Rxd6 Bg4 23. Kf2 b6 24. Bf3 Bxf3 25. Kxf3 g5 26. Rfd1 Rf7 27. Rd8
Kf8 28. R1d5 h6 29. Rxe8+ Kxe8 30. e4 Bf6 31. e5 Bd8 32. Rd6 h5 33. Rh6 h4 34.
gxh4 gxh4 35. Rh8+ Rf8 36. Rxf8+ Kxf8 37. Kg4 Kf7 38. Ng1 1-0

[Event "LGA Premium Cup"]
[Site "schach.lga.de"]
[Date "2005.09.10"]
[Round "4.9"]
[White "Opitz, Alexander"]
[Black "Maiwald, Jens-Uwe"]
[Result "1/2-1/2"]
[WhiteElo "2192"]
[BlackElo "2505"]
[PlyCount "42"]
[EventDate "2005.09.10"]
[SourceDate " "]

1. e4 c5 2. c3 e6 3. d4 d5 4. exd5 exd5 5. Nf3 Nc6 6. Bb5 Bd6 7. dxc5 Bxc5 8.
O-O Nge7 9. Nbd2 O-O 10. Nb3 Bd6 11. Bd3 h6 12. h3 Nf5 13. Bc2 Re8 14. Qd3 g6
15. Qd1 Bf8 16. Bf4 Bd6 17. Bxd6 Qxd6 18. Qd2 Kh7 19. Rfe1 Rd8 20. Rad1 Nfe7
21. Nbd4 Qf6 1/2-1/2

[Event "LGA Premium Cup"]
[Site "schach.lga.de"]
[Date "2005.09.10"]
[Round "4.10"]
[White "Schmitz, Andreas Arnold"]
[Black "Klundt, Klaus"]
[Result "0-1"]
[WhiteElo "2159"]
[BlackElo "2382"]
[PlyCount "66"]
[EventDate "2005.09.10"]
[SourceDate " "]

1. e4 c5 2. c3 Nf6 3. e5 Nd5 4. d4 cxd4 5. cxd4 e6 6. Nf3 b6 7. Bd2 Bb7 8. Nc3
Nxc3 9. Bxc3 Na6 10. d5 Bb4 11. d6 Bxc3+ 12. bxc3 Nc5 13. h4 f6 14. Nd4 O-O 15.
f4 fxe5 16. fxe5 Rf4 17. Qh5 g6 18. Qh6 Re4+ 19. Be2 Qf8 20. Qd2 Rxe5 21. Rf1
Qxd6 22. g4 Rf8 23. O-O-O Ne4 24. Rxf8+ Qxf8 25. Qb2 Nxc3 26. Qxc3 Rc5 27. Bc4
Qc8 28. Kb2 Rxc4 29. Qd3 e5 30. Nb5 Rb4+ 31. Ka1 Be4 32. Nxa7 Qc5 33. Qg3 Qd4+
0-1

[Event "LGA Premium Cup"]
[Site "schach.lga.de"]
[Date "2005.09.10"]
[Round "4.11"]
[White "Kotz, Reinhard"]
[Black "Koch, Moritz"]
[Result "1/2-1/2"]
[WhiteElo "2156"]
[BlackElo "2241"]
[PlyCount "51"]
[EventDate "2005.09.10"]
[SourceDate " "]

1. e4 c5 2. Nf3 Nc6 3. b3 e5 4. Bb2 d6 5. Nc3 g6 6. Bb5 Bg7 7. Qe2 Nge7 8.
O-O-O a6 9. Bxc6+ Nxc6 10. Rdg1 Be6 11. h4 h6 12. Nh2 Nd4 13. Qf1 Qxh4 14. g3
Qe7 15. f4 O-O-O 16. Nf3 Kb8 17. Kb1 f5 18. Nh4 Qf7 19. d3 Rdf8 20. Qg2 g5 21.
exf5 Nxf5 22. Nxf5 Qxf5 23. fxg5 hxg5 24. Rxh8 Bxh8 25. Ne4 Kc7 26. Qd2 1/2-1/2

[Event "LGA Premium Cup"]
[Site "schach.lga.de"]
[Date "2005.09.10"]
[Round "4.12"]
[White "Süß, Stefan"]
[Black "Espig, Lutz"]
[Result "0-1"]
[WhiteElo "2020"]
[BlackElo "2444"]
[PlyCount "76"]
[EventDate "2005.09.10"]
[SourceDate " "]

1. e4 c5 2. Nf3 e6 3. d4 cxd4 4. Nxd4 Nf6 5. Bd3 Nc6 6. Nxc6 bxc6 7. O-O d5 8.
Nc3 Be7 9. Bf4 O-O 10. Re1 Nd7 11. Bg3 Nc5 12. Qc1 Nxd3 13. cxd3 Ba6 14. Qc2
Rc8 15. Rad1 Bf6 16. Na4 c5 17. Qd2 Bb5 18. Nc3 Bc6 19. e5 Be7 20. Ne2 d4 21.
b3 a5 22. Qf4 a4 23. Qg4 axb3 24. axb3 Bd5 25. Nf4 Bxb3 26. Nh5 g6 27. Rc1 c4
28. Nf6+ Bxf6 29. exf6 Qxf6 30. Be5 Qf5 31. Qxd4 f6 32. Bd6 Qxd3 33. Qxd3 cxd3
34. Bxf8 Rxf8 35. Red1 Bxd1 36. Rxd1 Rd8 37. f4 Rd4 38. g3 e5 0-1

[Event "LGA Premium Cup"]
[Site "schach.lga.de"]
[Date "2005.09.10"]
[Round "4.13"]
[White "Boidman, Yuri"]
[Black "Luther, Helmut"]
[Result "1-0"]
[WhiteElo "2431"]
[BlackElo "2020"]
[PlyCount "133"]
[EventDate "2005.09.10"]
[SourceDate " "]

1. e4 d5 2. Nc3 dxe4 3. Nxe4 Qd5 4. Nc3 Qa5 5. d4 c6 6. Nf3 Nf6 7. g3 Bf5 8.
Bg2 e6 9. O-O Nbd7 10. Re1 Bb4 11. Bd2 O-O 12. a3 Bxc3 13. Bxc3 Qc7 14. b4 Rfe8
15. Qe2 Rad8 16. Rad1 h6 17. Bb2 a5 18. c4 axb4 19. axb4 Ra8 20. Ra1 Nb6 21.
Ne5 Red8 22. g4 Bh7 23. f4 Na4 24. g5 hxg5 25. fxg5 Nd7 26. Nxf7 Re8 27. Qh5
Nxb2 28. Rxa8 Rxa8 29. g6 Bxg6 30. Qxg6 Nf8 31. Nh6+ Kh8 32. Qf7 Qxf7 33. Nxf7+
Kg8 34. Ne5 Ra4 35. d5 exd5 36. cxd5 Rxb4 37. dxc6 bxc6 38. Bxc6 Rd4 39. Re2
Nd3 40. Nf3 Rd6 41. Bb5 Nf4 42. Re4 N4e6 43. Ne5 Rd4 44. Re2 g5 45. Nf3 Rb4 46.
Re5 Kg7 47. Bd3 Rf4 48. Kg2 Kf6 49. Re1 Nc5 50. Bb1 Nfe6 51. Kg3 Rb4 52. Bc2
Nd4 53. Re5 Nxf3 54. Rf5+ Ke7 55. Rxc5 Nd4 56. Bh7 Ne6 57. Ra5 Rc4 58. Ra6 Rc5
59. Kg4 Kf6 60. Bg8 Re5 61. Ra4 Nd8 62. Ra6+ Ne6 63. Bh7 Rc5 64. Bb1 Rb5 65.
Ba2 Re5 66. Ra8 Re4+ 67. Kf3 {Rest nicht nachvollziehbar} 1-0

[Event "LGA Premium Cup"]
[Site "schach.lga.de"]
[Date "2005.09.10"]
[Round "4.14"]
[White "Nuber, Helene"]
[Black "Sobolevski, Leonid"]
[Result "1-0"]
[WhiteElo "2021"]
[BlackElo "2358"]
[PlyCount "105"]
[EventDate "2005.09.10"]
[SourceDate " "]

1. e4 g6 2. d4 Bg7 3. Nf3 d6 4. Nc3 Nd7 5. Be3 c6 6. Bd3 b5 7. O-O Nb6 8. h3
Nf6 9. Qd2 h6 10. Rfe1 Kf8 11. e5 Nfd5 12. Nxd5 Nxd5 13. c3 Be6 14. Qe2 dxe5
15. Nxe5 Bxe5 16. dxe5 Nxe3 17. Qxe3 Qb6 18. Qf4 Kg7 19. Re3 Rad8 20. Rg3 c5
21. h4 c4 22. Bc2 h5 23. Qg5 Bg4 24. Kf1 Kf8 25. Re1 Qc5 26. f3 Be6 27. Bxg6
fxg6 28. Qxg6 Rg8 29. Qh6+ Ke8 30. Rxg8+ Bxg8 31. Qxh5+ Bf7 32. Qh8+ Kd7 33.
Rd1+ Bd5 34. Qh6 e6 35. Qf4 Rf8 36. Qd4 Qxd4 37. Rxd4 Rf5 38. f4 Rh5 39. g3 Kc6
40. Kg1 a5 41. Kh2 b4 42. Kh3 Kd7 43. g4 Rh8 44. f5 Ke7 45. f6+ Kf7 46. h5 Rb8
47. Rd2 bxc3 48. bxc3 Rb1 49. g5 Re1 50. g6+ Kf8 51. h6 Re3+ 52. Kh2 Rxe5 53.
h7 1-0

[Event "LGA Premium Cup"]
[Site "schach.lga.de"]
[Date "2005.09.10"]
[Round "4.15"]
[White "Eppinger, Georg"]
[Black "Wagner, Florian"]
[Result "1-0"]
[WhiteElo "2284"]
[BlackElo "2010"]
[PlyCount "55"]
[EventDate "2005.09.10"]
[SourceDate " "]

1. e4 c5 2. c3 d5 3. exd5 Qxd5 4. d4 Nf6 5. Nf3 Bg4 6. Be2 e6 7. h3 Bh5 8. c4
Qd7 9. Be3 Qc7 10. O-O Nbd7 11. Nc3 Rd8 12. Qa4 a6 13. Rfd1 cxd4 14. Bxd4 Be7
15. Be5 Qc8 16. Bd6 Bxd6 17. Rxd6 O-O 18. Rad1 Nc5 19. Qa5 Rxd6 20. Rxd6 Bg6
21. Ne5 Nce4 22. Nxe4 Bxe4 23. f3 Qb8 24. c5 Bd5 25. Bc4 Ne8 26. Nd7 Qa7 27.
Qd8 Bxc4 28. Qe7 1-0

[Event "LGA Premium Cup"]
[Site "schach.lga.de"]
[Date "2005.09.10"]
[Round "4.16"]
[White "Gießmann, Stephan"]
[Black "Nuber, Blasius"]
[Result "1/2-1/2"]
[WhiteElo "2284"]
[BlackElo "1989"]
[PlyCount "83"]
[EventDate "2005.09.10"]
[SourceDate " "]

1. d4 d5 2. c4 c6 3. Nc3 Nf6 4. Nf3 e6 5. Bg5 Nbd7 6. cxd5 exd5 7. e3 Be7 8.
Qc2 h6 9. Bh4 O-O 10. Bd3 Re8 11. O-O Ne4 12. Bxe7 Qxe7 13. Bxe4 dxe4 14. Nd2
Nf6 15. Rac1 Bf5 16. Nc4 Rac8 17. Rfd1 Nd5 18. a3 Qg5 19. Kh1 Rcd8 20. Nxd5
Rxd5 21. Nd2 Re6 22. Rg1 Qh4 23. Nf1 Bh7 24. Ng3 f5 25. Ne2 g5 26. Nc3 Rd7 27.
d5 cxd5 28. Nxd5 g4 29. Qc8+ Qd8 30. Qxd8+ Rxd8 31. Rgd1 Red6 32. Nc3 Rxd1+ 33.
Rxd1 Rxd1+ 34. Nxd1 Kf7 35. Kg1 Ke6 36. Kf1 Kd5 37. Ke2 Kc4 38. Kd2 Kb3 39. Kc1
Bg8 40. Nc3 Bc4 41. Nb1 Bd3 42. Nc3 1/2-1/2

[Event "LGA Premium Cup"]
[Site "schach.lga.de"]
[Date "2005.09.10"]
[Round "4.17"]
[White "Poysti, Nathanael"]
[Black "Beck, Frederik"]
[Result "1-0"]
[WhiteElo "2010"]
[BlackElo "2211"]
[PlyCount "131"]
[EventDate "2005.09.10"]
[SourceDate " "]

1. d4 Nf6 2. Nf3 c5 3. c4 cxd4 4. Nxd4 Nc6 5. g3 g6 6. Bg2 Bg7 7. O-O O-O 8.
Nc3 Qb6 9. Nb3 d6 10. Nd5 Nxd5 11. cxd5 Na5 12. Be3 Qa6 13. Nxa5 Qxa5 14. Qb3
b6 15. Rac1 Ba6 16. Bf3 Qb5 17. Qxb5 Bxb5 18. Rc2 Rfc8 19. Rfc1 Bd7 20. Bg5 Kf8
21. Kf1 Ke8 22. Ke1 Rc5 23. b3 Rac8 24. Be4 Bd4 25. Bd2 Bb5 26. Bb4 Rxc2 27.
Rxc2 Rxc2 28. Bxc2 Kd7 29. e3 Bc5 30. Bc3 a5 31. Kd2 Bf1 32. f3 e6 33. dxe6+
fxe6 34. h4 Ke7 35. h5 Kf7 36. hxg6+ hxg6 37. Bd3 Bxd3 38. Kxd3 e5 39. e4 Ke6
40. Kc4 Bf2 41. g4 Be3 42. Be1 g5 43. a4 Kd7 44. Kd5 Ke7 45. Kc6 Ke6 46. b4
axb4 47. Bxb4 Bc5 48. a5 bxa5 49. Bxa5 Ba3 50. Bd2 Kf6 51. Kd7 Bc5 52. Ba5 Be3
53. Kxd6 Bf4 54. Bc3 Bh2 55. Bd2 Bg3 56. Kd7 Bf2 57. Bb4 Be3 58. Ke8 Bf4 59.
Kf8 Be3 60. Ba5 Bc5+ 61. Ke8 Be3 62. Bc7 Bf4 63. Bd8+ Ke6 64. Kf8 Kd7 65. Bf6
Ke6 66. Kg7 1-0

[Event "LGA Premium Cup"]
[Site "schach.lga.de"]
[Date "2005.09.10"]
[Round "4.18"]
[White "Leuschner, Günter"]
[Black "Petiko, Nikolai"]
[Result "0-1"]
[WhiteElo "1997"]
[BlackElo "2193"]
[PlyCount "86"]
[EventDate "2005.09.10"]
[SourceDate " "]

1. d4 d6 2. c4 g6 3. Nc3 Bg7 4. Nf3 Nd7 5. e4 e5 6. dxe5 dxe5 7. Be2 Nh6 8. h3
O-O 9. O-O c6 10. Bg5 f6 11. Be3 f5 12. exf5 gxf5 13. Ng5 Qe7 14. f4 Bf6 15.
Qd2 e4 16. Rad1 Nc5 17. b4 Ne6 18. Nxe6 Bxe6 19. Bc5 Bxc3 20. Qxc3 Qf6 21. Qg3+
Qg6 22. Qxg6+ hxg6 23. Bxf8 Kxf8 24. Rd6 Ke7 25. Rfd1 Nf7 26. R6d2 Rh8 27. Bf1
g5 28. g3 gxf4 29. gxf4 Rh4 30. Rf2 Nd6 31. c5 Ne8 32. Kg2 Nf6 33. Kg3 Rh8 34.
a3 Bd5 35. Be2 Rg8+ 36. Kh4 e3 37. Rff1 Ne4 38. Rg1 Rh8+ 39. Bh5 Bf7 40. Rg5
Nxg5 41. fxg5 Bxh5 42. Re1 f4 43. g6 Kf6 0-1

[Event "LGA Premium Cup"]
[Site "schach.lga.de"]
[Date "2005.09.10"]
[Round "4.19"]
[White "Thürauf, Peter"]
[Black "Lodes, Hermann"]
[Result "1/2-1/2"]
[WhiteElo "1985"]
[BlackElo "2183"]
[PlyCount "36"]
[EventDate "2005.09.10"]
[SourceDate " "]

1. d4 d5 2. Nf3 g6 3. c4 c6 4. Nc3 Bg7 5. cxd5 cxd5 6. Bf4 Nc6 7. e3 a6 8. Bd3
Nf6 9. h3 O-O 10. O-O b5 11. Rc1 Bb7 12. Ne5 Na5 13. b3 Nd7 14. Nxd7 Qxd7 15.
Qd2 Nc6 16. Be2 Rfd8 17. Bf3 e6 18. Rfd1 Rac8 1/2-1/2

[Event "LGA Premium Cup"]
[Site "schach.lga.de"]
[Date "2005.09.10"]
[Round "4.20"]
[White "Kirch, Daniel"]
[Black "Rosenberger, Frank"]
[Result "1/2-1/2"]
[WhiteElo "1972"]
[BlackElo "2169"]
[PlyCount "122"]
[EventDate "2005.09.10"]
[SourceDate " "]

1. d4 d5 2. c4 e6 3. Nc3 c6 4. cxd5 exd5 5. Nf3 Bf5 6. Bf4 Bd6 7. Bg3 Nf6 8. e3
Bxg3 9. hxg3 Qb6 10. Qd2 h6 11. Nh4 Ne4 12. Nxe4 Bxe4 13. f3 Bh7 14. Bd3 Bxd3
15. Qxd3 Qb4+ 16. Qd2 Qxd2+ 17. Kxd2 g6 18. g4 Na6 19. g3 Nc7 20. Ng2 Ke7 21.
Rh2 Kf6 22. Rah1 Kg7 23. Nf4 Nb5 24. Nd3 Nd6 25. b3 Rae8 26. Re1 Re7 27. Reh1
f6 28. Re1 Rhe8 29. Reh1 Nf7 30. Rh4 c5 31. Nxc5 Rxe3 32. Nxb7 Rxf3 33. Rg1
Rf2+ 34. Kd3 Rxa2 35. Rhh1 Rae2 36. Kc3 R2e3+ 37. Kc2 Re2+ 38. Kc3 R8e3+ 39.
Kb4 Rd2 40. Rd1 Rxd1 41. Rxd1 Rxg3 42. Ra1 g5 43. Rxa7 Kg6 44. Na5 Rxg4 45. Kc5
h5 46. b4 h4 47. b5 h3 48. b6 Nd8 49. Nc6 Ne6+ 50. Kd6 h2 51. b7 h1=Q 52. b8=Q
Qh2+ 53. Ne5+ Kf5 54. Qc8 Rxd4 55. Qxe6+ Ke4 56. Qg4+ Qf4 57. Qg2+ Kf5 58. Qh3+
Ke4 59. Qh7+ Ke3 60. Ra3+ Kf2 61. Ra2+ Rd2 1/2-1/2

[Event "LGA Premium Cup"]
[Site "schach.lga.de"]
[Date "2005.09.10"]
[Round "4.21"]
[White "Gohlke, Herbert"]
[Black "Fuhrmann, Max"]
[Result "0-1"]
[WhiteElo "2166"]
[BlackElo "1956"]
[PlyCount "66"]
[EventDate "2005.09.10"]
[SourceDate " "]

1. e4 c6 2. d4 d5 3. e5 c5 4. c3 Nc6 5. dxc5 Nxe5 6. Nf3 Nxf3+ 7. Qxf3 e6 8.
Be3 Nf6 9. Nd2 Qc7 10. b4 a5 11. Nb3 axb4 12. cxb4 Be7 13. Bb5+ Bd7 14. Qe2 O-O
15. Bxd7 Nxd7 16. O-O Bf6 17. Bd4 e5 18. Bb2 Rfd8 19. a4 Nf8 20. Qb5 Ne6 21.
Na5 Rab8 22. Rfe1 e4 23. Bxf6 gxf6 24. Rad1 f5 25. Nb3 Qe5 26. g3 d4 27. Qc4
Ng5 28. f4 Nf3+ 29. Kh1 Qf6 30. Re2 d3 31. Rg2 Qc6 32. Qc3 e3 33. g4 fxg4 0-1

[Event "LGA Premium Cup"]
[Site "schach.lga.de"]
[Date "2005.09.10"]
[Round "4.22"]
[White "Bunk, Karsten"]
[Black "Zier, Verena"]
[Result "1-0"]
[WhiteElo "2162"]
[BlackElo "1854"]
[PlyCount "61"]
[EventDate "2005.09.10"]
[SourceDate " "]

1. d4 d5 2. Nf3 e6 3. c4 Be7 4. g3 Nf6 5. Bg2 O-O 6. O-O dxc4 7. Qa4 a6 8. Qxc4
b5 9. Qb3 Bb7 10. Nc3 c5 11. dxc5 Bxc5 12. Bg5 Nbd7 13. Rad1 Qb6 14. h3 Rfd8
15. e3 h6 16. Bxf6 Nxf6 17. Ne5 Bxg2 18. Kxg2 Rac8 19. Nd3 Qb7+ 20. Kg1 Ba7 21.
a4 Rb8 22. axb5 axb5 23. Ne5 b4 24. Ne2 Nd5 25. Nd4 Ne7 26. Nxf7 Kxf7 27. Nxe6
Rxd1 28. Rxd1 Kg6 29. Nd8 Qe4 30. Qf7+ Kh7 31. Ne6 1-0

[Event "LGA Premium Cup"]
[Site "schach.lga.de"]
[Date "2005.09.10"]
[Round "4.23"]
[White "Dehmel, Stefanie"]
[Black "Nöckler, Alexander"]
[Result "1-0"]
[WhiteElo "1968"]
[BlackElo "2142"]
[PlyCount "97"]
[EventDate "2005.09.10"]
[SourceDate " "]

1. e4 c5 2. Nc3 a6 3. g3 d6 4. Bg2 Nf6 5. f4 e6 6. Nf3 Qc7 7. a4 Bd7 8. O-O Bc6
9. d3 Be7 10. h3 O-O 11. g4 Bd7 12. g5 Nh5 13. Nh4 g6 14. f5 Re8 15. Qf3 Nc6
16. Qf2 Ne5 17. Bf4 Nxf4 18. Qxf4 b5 19. axb5 axb5 20. f6 Bf8 21. Nf3 b4 22.
Ne2 Nxf3+ 23. Qxf3 Bc6 24. Qf2 d5 25. Nf4 dxe4 26. dxe4 Qe5 27. h4 Qxb2 28.
Rab1 Qc3 29. Rb3 Qc4 30. Re3 Ra2 31. Re2 Bd6 32. Nd3 Qb5 33. e5 Bf8 34. Nf4 c4
35. Qg3 Bc5+ 36. Kh2 Bxg2 37. Qxg2 Bd4 38. Qe4 Bc3 39. h5 Qd7 40. hxg6 hxg6 41.
Nxg6 Rd8 42. Ne7+ Kf8 43. g6 Bxe5+ 44. Qxe5 fxg6 45. Qg3 Qd6 46. Nxg6+ Kf7 47.
Ne5+ Kf8 48. Qg7+ Ke8 49. Qf7# 1-0

[Event "LGA Premium Cup"]
[Site "schach.lga.de"]
[Date "2005.09.10"]
[Round "4.24"]
[White "Schneider, David"]
[Black "Kirch, Florian"]
[Result "1-0"]
[WhiteElo "2113"]
[BlackElo "1821"]
[PlyCount "108"]
[EventDate "2005.09.10"]
[SourceDate " "]

1. e4 Nf6 2. Nc3 d5 3. e5 Ne4 4. Nce2 d4 5. c3 dxc3 6. bxc3 Nc5 7. d4 Nca6 8.
Nf3 g6 9. Nf4 Bg7 10. Be3 c5 11. Be2 Nc6 12. O-O O-O 13. h4 Bg4 14. h5 cxd4 15.
cxd4 Nab4 16. hxg6 hxg6 17. Qb3 e6 18. Rfd1 Nd5 19. Qxb7 Nxf4 20. Bxf4 Qd5 21.
Qb2 Ne7 22. Rac1 Rfc8 23. Qa3 Rxc1 24. Rxc1 Qd7 25. Qd6 Qe8 26. Be3 Nf5 27. Qc7
Nxe3 28. fxe3 a5 29. Qb6 Qb8 30. Qc6 Bf8 31. Bb5 Bxf3 32. gxf3 Qd8 33. Kf2 Rb8
34. Rh1 Qb6 35. Qxb6 Rxb6 36. a4 Bb4 37. Rc1 Rb7 38. Rc8+ Kg7 39. Ke2 Ba3 40.
Kd3 f6 41. Rc6 fxe5 42. dxe5 Kf7 43. Bc4 Re7 44. f4 Bb4 45. Ke2 Ba3 46. Kf3 Re8
47. e4 Bb2 48. Ra6 Bc3 49. Ke3 Re7 50. Kd3 Bb4 51. f5 g5 52. Bxe6+ Ke8 53. Rc6
Be1 54. Ke2 Bb4 1-0

[Event "LGA Premium Cup"]
[Site "schach.lga.de"]
[Date "2005.09.10"]
[Round "4.25"]
[White "Grimberg, Boris"]
[Black "Babichev, Vyacheslav"]
[Result "1-0"]
[WhiteElo "2104"]
[BlackElo "1742"]
[PlyCount "165"]
[EventDate "2005.09.10"]
[SourceDate " "]

1. d4 g6 2. e4 d6 3. Nc3 Bg7 4. Bc4 Nf6 5. Bb3 O-O 6. Nf3 c5 7. Bg5 h6 8. Bh4
g5 9. Bg3 Nh5 10. dxc5 Nxg3 11. hxg3 dxc5 12. Qe2 Bg4 13. e5 e6 14. Qe4 Bxf3
15. gxf3 Nc6 16. f4 a6 17. Rh5 Qd6 18. fxg5 Qxe5 19. Qxe5 Bxe5 20. gxh6 b5 21.
a3 c4 22. Ba2 Bxc3+ 23. bxc3 Rad8 24. Rc5 Rd6 25. a4 Rb8 26. Rb1 e5 27. axb5
axb5 28. Rcxb5 Ra8 29. Bxc4 Rxh6 30. Ke2 Ra3 31. R5b3 Ra5 32. Rb7 Rf6 33. R1b5
Ra3 34. Bb3 Ra8 35. Rc7 Ra3 36. Rbb7 Kg7 37. Bxf7 Rxc3 38. Bd5+ Kg6 39. Be4+
Kh5 40. Rh7+ Rh6 41. Bf3+ Kg5 42. Rxh6 Nd4+ 43. Kd2 Rxc2+ 44. Ke3 Kxh6 45. Bg4
Kg5 46. Rg7+ Kf6 47. Rg8 Rb2 48. Bh5 Nf5+ 49. Kf3 Nd4+ 50. Ke4 Rb5 51. Rg6+ Ke7
52. g4 Ne6 53. g5 Nf4 54. Rg7+ Kf8 55. Rh7 Nh3 56. Rf7+ Kg8 57. Rf5 Nf4 58. Bg4
Ng6 59. Rf6 Kg7 60. Bf5 Rb4+ 61. Kd5 Nf8 62. Kxe5 Rb5+ 63. Kf4 Rb4+ 64. Kg3 Rb5
65. Kg4 Rb2 66. f4 Rg2+ 67. Kf3 Rg1 68. Ra6 Rf1+ 69. Ke3 Re1+ 70. Kd4 Rd1+ 71.
Ke5 Re1+ 72. Kd5 Rd1+ 73. Ke5 Re1+ 74. Be4 Nd7+ 75. Kd5 Rd1+ 76. Kc4 Rc1+ 77.
Kb4 Rd1 78. Ra7 Kf8 79. Kc3 Nc5 80. Bh7 Rf1 81. g6 Ne6 82. Rf7+ Ke8 83. f5 1-0

[Event "LGA Premium Cup"]
[Site "schach.lga.de"]
[Date "2005.09.10"]
[Round "4.26"]
[White "Schlötterer, Hermann"]
[Black "Kanewski, Josef"]
[Result "1-0"]
[WhiteElo "2040"]
[BlackElo "2088"]
[PlyCount "41"]
[EventDate "2005.09.10"]
[SourceDate " "]

1. d4 f5 2. g3 Nf6 3. Bg2 g6 4. c4 Bg7 5. Nf3 d6 6. d5 O-O 7. O-O e5 8. dxe6
Qe7 9. Nc3 c6 10. Re1 Qxe6 11. e4 Qxc4 12. Bf1 Qb4 13. a3 Qa5 14. Qxd6 b5 15.
exf5 Bxf5 16. Ne5 Rd8 17. Qe7 Nfd7 18. Qf7+ Kh8 19. Nxd7 Nxd7 20. Re7 Rg8 21.
Bh6 1-0